000 00740nam a2200217Ii 4500
003 JO-AjNU
008 230605s9999||||xx |||||||||||||| ||und||
017 _a1997/3/282
040 _aJO-AjNU
_bara
_erda
_cJO-AjNU
041 _aara
050 1 4 _aJX1245.A22.2004
100 3 _aعلوان، عبد الكريم,
_eauthor
_946362
245 0 0 _aالوسيط في القانون الدولي العام / حقوق الإنسان
250 _aط1
264 3 1 _aعمان : مكتبة دار الثقافة ، 2004
300 _a321ص
336 _atext
_btxt
_2rdacontent
337 _aunmediated
_bn
_2rdamedia
338 _avolume
_bnc
_2rdacarrier
650 4 _aالقانون الدولي العام -- حقوق الانسان
_946363
999 _aA20162
_c23730
_d23730